| 000 | 01038cam a2200385 4500500 | ||
|---|---|---|---|
| 005 | 20260329005116.0 | ||
| 041 | _afre | ||
| 042 | _adc | ||
| 100 | 1 | 0 |
_aLacroix, Alexandre _eauthor |
| 245 | 0 | 0 | _aAndré Comte-Sponville : “Il est trop facile de n’aimer que les vérités agréables et rassurantes” |
| 260 | _c2022. | ||
| 500 | _a76 | ||
| 690 | _aAction | ||
| 690 | _aAndré Comte-Sponville | ||
| 690 | _aAngoisse | ||
| 690 | _aBonheur | ||
| 690 | _aDésespoir | ||
| 690 | _aDivertissement | ||
| 690 | _aEspoir | ||
| 690 | _aFoi | ||
| 690 | _aJoie | ||
| 690 | _aLucide | ||
| 690 | _alucidité | ||
| 690 | _aMaladie | ||
| 690 | _aMontaigne | ||
| 690 | _aMort | ||
| 690 | _aPascal | ||
| 690 | _aSolitude | ||
| 690 | _aSuicide | ||
| 690 | _aTragique | ||
| 690 | _aTristesse | ||
| 690 | _aValeur | ||
| 786 | 0 | _nPhilosophie magazine | 161 | 8 | 2022-07-01 | p. 24-28 | 1951-1787 | |
| 856 | 4 | 1 | _uhttps://shs.cairn.info/magazine-philosophie-magazine-2022-8-page-24?lang=fr&redirect-ssocas=7080 |
| 999 |
_c1840369 _d1840369 |
||